Corporate governance and accountability. / (Record no. 906)

MARC details
000 -LEADER
fixed length control field 01270nam a22001817a 4500
008 - FIXED-LENGTH DATA ELEMENTS--GENERAL INFORMATION
fixed length control field 120516t xxu||||| |||| 00| 0 eng d
020 ## - INTERNATIONAL STANDARD BOOK NUMBER
International Standard Book Number 9788126513925
050 ## - LIBRARY OF CONGRESS CALL NUMBER
Classification number HD2741.S65
100 ## - MAIN ENTRY--PERSONAL NAME
Personal name Solomon, Jill
245 ## - TITLE STATEMENT
Title Corporate governance and accountability. /
Statement of responsibility, etc. Jill Solomon and Aris Solomon
260 ## - PUBLICATION, DISTRIBUTION, ETC.
Place of publication, distribution, etc. New Delhi:
Name of publisher, distributor, etc. John Wiley and Sons,
Date of publication, distribution, etc. c2010.
300 ## - PHYSICAL DESCRIPTION
Extent xiv,303 p:
Dimensions 22cm.
500 ## - GENERAL NOTE
General note Includes index
505 ## - FORMATTED CONTENTS NOTE
Formatted contents note Contents: Introduction -- Corporate governace: frameworks and mechanisms -- Defining corporate governance -- Eron: a case study in corporate governance failure -- Corporate governance reform in the UK -- The Role of boards in corporate governance -- The Role of institutional investors in corporate governance -- The Role of transparency in corporate governance -- Global corporate governance -- An Introduction to corporate governance systems worldwide -- A Reference dictionary of corporate governance systems -- Broadening the corporate governance agenda -- Discharging a broader corporate accountability -- Socially responsible investment -- The Future of corporate governance and accountability -- The Combined code on corporate governance (July 2003).
650 ## - SUBJECT ADDED ENTRY--TOPICAL TERM
Topical term following geographic name entry element Corporate governance.
700 ## - ADDED ENTRY--PERSONAL NAME
Personal name Solomon, Aris
942 ## - ADDED ENTRY ELEMENTS (KOHA)
Source of classification or shelving scheme Library of Congress Classification
Koha item type Books
Holdings
Withdrawn status Lost status Source of classification or shelving scheme Damaged status Not for loan Home library Current library Shelving location Date acquired Total Checkouts Full call number Barcode Date last seen Price effective from Koha item type
    Library of Congress Classification     WISCONSIN INTERNATIONAL UNIVERSITY COLLEGE, GHANA - MAIN LIBRARY WISCONSIN INTERNATIONAL UNIVERSITY COLLEGE, GHANA - MAIN LIBRARY General Stacks 16/05/2012   HD2741.S65 1828/12 16/05/2012 16/05/2012 Books

If you have any concerns or questions; kindly contact the library


© Powered by WIUC ICT DIRECTORATE